zpět

Detail výsledku týmu

Žlíbka Pub, Jevíčko

Datum a čas kvízu

29.5 Celkem bodů Celkový počet nahraných bodů na tomto kvízu bez doplňovacích otázek.
10. Pořadí na kvízu Konečné umístění týmu na tomto kvízu.

Zaznamenané odpovědi

# Otázka Odpověď Body Výsledky
1. Nově zvolený poslanec za KDU-Č... kroj 1
2. Jedna z evropských zemí schvál... v Portugalsku 1
3. Na svatého Martina vydala jedn... Mirai 1
4. Potravinářská firma Dr. Oetker... Krtkův dort 1
5. Do nominace české ženské hokej... Karolína Erbanová 0
6. Budeme se zabývat osobnostmi,... Bertramka; Don Giovanni, La clemenza di Tito 0.5
7. Posuneme se do doby přelomu 16... Edward Kelley 0
8. Toto je Tonya Graves, americká... Monkey Business, Obsluhoval jsem anglického krále 0.5
9. Napíšete-li jméno muže na obrá... Osmany Laffita, Kuba 1
10. A na závěr představíme dva ciz... Vrbětice 1